| 000 | 00744nam a2200241Ia 4500 | ||
|---|---|---|---|
| 003 | GCL | ||
| 008 | 140319s9999 xx 000 0 ara d | ||
| 040 |
_aGCL / _cGCL |
||
| 082 | 0 | 4 |
_a913.003 _bد س |
| 100 | 1 | _aدرويش النخيلى | |
| 245 | 1 | 0 |
_aالسفن الاسلامية على حروف المعجم / _cدرويش النخيلى |
| 260 |
_a[S.N] : _bجامعة الاسكندرية ، _c1974 |
||
| 300 | _a179 ص | ||
| 490 | _a | ||
| 650 | 0 | 4 | _aالتاريخ الاسلامى |
| 650 | 0 | 4 | _aالرحلات |
| 650 | 0 | 4 | _aالرحالة العرب |
| 650 | 0 | 4 | _aالبحرية |
| 650 | 0 | 4 | _aالسفن التجارية |
| 650 | 0 | 4 | _aالحضارة الاسلامية |
| 650 | 0 | 4 | _aبناء السفن |
| 942 |
_2ddc _cBK |
||
| 999 |
_c30969 _d30969 |
||